| 000 | 00609nam a22002057a 4500 | ||
|---|---|---|---|
| 999 |
_c3853 _d3853 |
||
| 003 | AR-CdUCM | ||
| 008 | 190307b ||||| |||| 00| 0 esp d | ||
| 020 | _aISBN | ||
| 040 |
_aMUNICIPALIDAD PROVINCIAL DEL CUSCO _cBIBLIOTECA MUNICIPAL DEL CUSCO |
||
| 082 |
_a869.964 / _bP33 |
||
| 100 |
_aPaz Hernandez, Albio _912388 |
||
| 245 |
_aHuelga / _cAlbio Paz Hernández |
||
| 260 |
_aLa Habana : _bCasa de las americas, _c1981. |
||
| 300 |
_a91 paginas ; _c20 cm. |
||
| 500 | _aDonación familia Luis Nieto. | ||
| 650 |
_aTeatro Cubano _912389 |
||
| 650 |
_aSiglo XX _98 |
||
| 942 |
_2ddc _cLIBROS |
||
| 945 | _aacrt | ||